LEADER 02392oam 2200577zu 450 001 996214642203316 005 20210807001645.0 010 $a0-19-173129-3 010 $a0-19-958721-3 035 $a(CKB)2670000000193625 035 $a(SSID)ssj0000675322 035 $a(PQKBManifestationID)11409426 035 $a(PQKBTitleCode)TC0000675322 035 $a(PQKBWorkID)10669702 035 $a(PQKB)11128780 035 $a(StDuBDS)EDZ0000084549 035 $a(EXLCZ)992670000000193625 100 $a20160829d2011 uy 101 0 $aeng 135 $aur||||||||||| 181 $ctxt 182 $cc 183 $acr 200 10$aPolitics and anti-realism in Athenian old comedy : the art of the impossible 210 $aOxford $cOxford University Press$d2011 215 $a1 online resource (xii, 499 p.) $cill 225 0 $aOxford classical monographs Politics and anti-realism in Athenian old comedy 300 $aBibliographic Level Mode of Issuance: Monograph 311 08$aPrint version 9780199587216 320 $aIncludes bibliographical references and index. 330 8 $aThe comic drama of the late fifth and early fourth century BCE was typified by the combination of absurd and fantastic plots often dealing with social and political issues of the day. This study puts these elements centre-stage and argues that it was through them that the comedy of the period made its political interventions. 410 0$aOxford classical monographs. 517 $aPolitics and anti-realism in Athenian old comedy: the art of the impossible 517 $aOxford classical monographs 606 $aGreek drama (Comedy)$xThemes, motives$zGreece$zAthens 606 $aPolitical plays, Greek$xHistory and criticism 606 $aAbsurd (Philosophy) in literature 606 $aLanguages & Literatures$2HILCC 606 $aGreek & Latin Languages & Literatures$2HILCC 615 0$aGreek drama (Comedy)$xThemes, motives 615 0$aPolitical plays, Greek$xHistory and criticism 615 0$aAbsurd (Philosophy) in literature 615 7$aLanguages & Literatures 615 7$aGreek & Latin Languages & Literatures 676 $a882.010917 700 $aRuffell$b Ian$0476682 801 0$bPQKB 906 $aBOOK 912 $a996214642203316 996 $aPolitics and anti-realism in Athenian Old Comedy$9245020 997 $aUNISA LEADER 01054nam 22003493 450 001 9910133002903321 005 19990308000000.0 010 $a88-420-5715-0 035 $a(CKB)3400000000017221 035 $a(ItFiC)it 02414598 035 $a(EXLCZ)993400000000017221 100 $a20101102d1999 uy 0 101 0 $aita 200 13$aLa questione della nazione repubblicana /$fFranco De Felice ; prefazione di Leonardo Paggi 210 $aRoma [etc.] $cGLF editori Laterza$d1999 215 $axxvi, 254 p. ;$d21 cm 225 0$aPercorsi ;$v2 300 $aCollected writings. 320 $aIncludes bibliographical references. 607 $aItaly$xPolitics and government$y1945-1976 607 $aItaly$xPolitics and government$y1976-1994 676 $a945 676 $a330 676 $a361 676 $a320 700 $aDe Felice$b Franco$f1937-1997.$0122348 801 0$bItFiC 801 1$bItFiC 906 $aBOOK 912 $a9910133002903321 996 $aQuestione della nazione repubblicana$9500136 997 $aUNINA